书目信息 |
| 题名: |
现浇混凝土大直径管桩复合地基技术规程
|
|
| 作者: | 中华人民共和国住房和城乡建设部 ;河海大学 , 江苏弘盛建筑工程集团有限公司 主编 ;中华人民共和国住房和城乡建设部 批准 | |
| 分册: | ||
| 出版信息: | 北京 中国建筑工业出版社 2010.10 |
|
| 页数: | 40页 | |
| 开本: | 21cm | |
| 丛书名: | 中华人民共和国行业标准 | |
| 单 册: | ||
| 中图分类: | T-652.6 , TU473.1-65 | |
| 科图分类: | ||
| 主题词: | 桩基础--zhuang ji chu--混凝土桩--建筑工程--工程施工--技术规程--中国 , 地基--基础(工程) | |
| 电子资源: | ||
| ISBN: | ||
| 000 | 01959nam 2200385 450 | |
| 001 | 1259167609 | |
| 005 | 20161213091422.12 | |
| 010 | @dCNY10.00 | |
| 091 | @a15112·17923@dCNY10.00 | |
| 094 | @aCN@bJGJ/T213-2010 | |
| 100 | @a20110324d2010 ekmy0chiy50 ea | |
| 101 | 0 | @achi |
| 102 | @aCN@b110000 | |
| 105 | @aa z 000yy | |
| 106 | @ar | |
| 200 | 1 | @a现浇混凝土大直径管桩复合地基技术规程@Axian jiao hun ning tu da zhi jing guan zhuang fu he di ji ji shu gui cheng@d= Technical specification for composite foundation of cast-in-place concrete large-diameter pipe pile@e备案号 J1073-2010@f中华人民共和国住房和城乡建设部@Fzhong hua ren min gong he guo zhu fang he cheng xiang jian she bu@zeng |
| 210 | @a北京@c中国建筑工业出版社@d2010.10 | |
| 215 | @a40页@c图@d21cm | |
| 225 | 2 | @a中华人民共和国行业标准@Azhong hua ren min gong he guo hang ye biao zhun |
| 300 | @a本规范由中华人民共和国住房和城乡建设部于2010-07-23发布, 2011-03-01实施。 | |
| 314 | @a本规范主编单位: 河海大学, 江苏弘盛建筑工程集团有限公司。 | |
| 330 | @a本标准内容包括:总则、术语和符号、设计、施工、检查与验收等。 | |
| 410 | 0 | @12001 @a中华人民共和国行业标准 |
| 510 | 1 | @aTechnical specification for composite foundation of cast-in-place concrete large-diameter pipe pile@zeng |
| 517 | 1 | @a备案号 J1073-2010@Abei an hao J1073-2010 |
| 606 | 0 | @a桩基础@Azhuang ji chu@x混凝土桩@x建筑工程@x工程施工@x技术规程@y中国 |
| 606 | 0 | @a地基@x基础(工程) |
| 690 | @aT-652.6@v5 | |
| 690 | @aTU473.1-65@v4 | |
| 701 | 0 | @a中华人民共和国住房和城乡建设部@Azhong hua ren min gong he guo zhu fang he cheng xiang jian she bu |
| 711 | 02 | @a河海大学@AHehai da xue@4主编 |
| 711 | 02 | @a江苏弘盛建筑工程集团有限公司@AJiangsu hong sheng jian zhu gong cheng ji tuan you xian gong si@4主编 |
| 712 | 02 | @a中华人民共和国住房和城乡建设部@AZhong hua ren min gong he guo zhu fang he cheng xiang jian she bu@4批准 |
| 801 | 0 | @aCN@c20110610 |
| 905 | @b1016120-2@dTU473.1-65@eZ9111@f3 | |
| 现浇混凝土大直径管桩复合地基技术规程= Technical specification for composite foundation of cast-in-place concrete large-diameter pipe pile:备案号 J1073-2010/中华人民共和国住房和城乡建设部.-北京:中国建筑工业出版社,2010.10 |
| 40页:图;21cm.-(中华人民共和国行业标准) |
| 本规范由中华人民共和国住房和城乡建设部于2010-07-23发布, 2011-03-01实施。 |
| ISBN :CNY10.00 |
| 本标准内容包括:总则、术语和符号、设计、施工、检查与验收等。 |
| ● |
| 相关链接 |
|
|
|
正题名:现浇混凝土大直径管桩复合地基技术规程
索取号:TU473.1-65/Z9111
 
预约/预借
| 序号 | 登录号 | 条形码 | 馆藏地/架位号 | 状态 | 备注 |
| 1 | 1016120 | 210161206 | 土木与交通工程学院资料室/土木与交通学院资料室 1排1列1层/ [索取号:T-652.6/P61116] | 在馆 | |
| 2 | 1016121 | 210161215 | 土木与交通工程学院资料室/土木与交通学院资料室 1排1列1层/ [索取号:T-652.6/P61116] | 在馆 | |
| 3 | 1016122 | 210161224 | 土木与交通工程学院资料室/土木与交通学院资料室 1排1列1层/ [索取号:T-652.6/P61116] | 在馆 |